000 01150cam a22003254a 4500
001 14229277
005 20241105124531.0
008 060111s2007 paua b 001 0 eng
020 _a0781759447
020 _a9780781759441
050 0 0 _aRM170
_b.P57 2007
082 0 0 _a615/.6
_222
100 1 _aWeinstein, Sharon.
245 1 0 _aPlumer's principles & practice of intravenous therapy /
_cSharon M. Weinstein.
250 _a8th ed.
260 _aPhiladelphia :
_bLippincott Williams & Wilkins,
_cc2007.
300 _axvii, 753 p. :
_bill. ;
_c24 cm. +
_e1 CD-ROM (4 3/4 in.)
500 _aincludes Glossary
650 0 _aIntravenous therapy.
650 1 2 _aInfusions, Intravenous
_xmethods.
650 1 2 _aInfusions, Intravenous
_xnursing.
650 2 2 _aEvidence-Based Medicine.
650 2 2 _aFluid Therapy
_xmethods.
650 2 2 _aNurse's Role.
650 2 2 _aParenteral Nutrition
_xmethods.
700 1 _aPlumer, Ada Lawrence.
856 4 1 _3Table of contents
_uhttp://www.loc.gov/catdir/toc/ecip066/2006000877.html
856 4 2 _3Publisher description
_uhttp://www.loc.gov/catdir/enhancements/fy0712/2006000877-d.html
942 _2lcc
_cBK
_n0
999 _c631
_d631